000 00601nam a2200193Ia 4500
003 GCL
008 140319s9999 xx 000 0 ara d
020 _a991235977
040 _aGCL /
_cGCL
082 0 4 _a371.399
_bن د
100 1 _aمرسى سعدالدين
245 1 0 _aالدراما و التعليم /
_cمرسى سعدالدين
260 _aالقاهرة :
_bالمجلس الاعلى للثقافة ،
_c1998
300 _a111 ص ؛
_c23 سم
490 _aالمشروع القومى للترجمة
_v53
650 0 4 _aالتعليم
650 0 4 _aالمسرحيات
942 _2ddc
_cBK
999 _c636
_d636